Barriers of small and medium-sized enterprises in public procurement in Slovak Republic

Gespeichert in:
Bibliographische Detailangaben
1. Verfasser: Stašková, Slavomíra, 1989-
Format: Buchkapitel
Sprache:Englisch
Tags: Tag hinzufügen
Keine Tags, Fügen Sie das erste Tag hinzu!

MARC

LEADER 00000nla a2200000 4500
001 0238230
005 20240502073844.4
041 0 |a eng 
044 |a SK 
245 1 0 |a Barriers of small and medium-sized enterprises in public procurement in Slovak Republic  |c Slavomíra Stašková 
500 |a Abstrakt 
100 1 |a Stašková, Slavomíra, 1989-